000 00570nam a2200193Ia 4500
001 7612
003 GE_BSU
008 181216s||||||||xx |||||||||||||| ||und||
040 _cGE_BSU
245 _aРеферативный журнал.№7. 2013
245 _b04в.Биология.Выходит 12 раз в год.
245 _cгл. ред. Винити Ран, и др.
260 _aмосква.
260 _bВинити.
260 _c2013.
300 _a36ст,29см.
653 _aРеферативный журнал.Биология
942 _cCR
999 _c40964
_d40964